Физико-химические основы формирования структуры цементного камня

Dades bibliogràfiques
Altres autors: Шпынова Л. Г. (редактор), Чих В. И., Саницкий М. А.
Idioma:rus
Publicat: Львов, Вища школа, 1981
Matèries:
Format: MixedMaterials Llibre
KOHA link:https://koha.lib.tpu.ru/cgi-bin/koha/opac-detail.pl?biblionumber=150803

MARC

LEADER 00000nam0a2200000 4500
001 150803
005 20231031150308.0
035 |a (RuTPU)RU\TPU\book\163506 
090 |a 150803 
100 |a 20090114d1981 m y0rusy50 ca 
101 0 |a rus 
102 |a UA 
105 |a a z 001zy 
200 1 |a Физико-химические основы формирования структуры цементного камня  |f Л. Г. Шпынова, В. И. Чих, М. А. Саницкий 
210 |a Львов  |c Вища школа  |d 1981 
215 |a 160 с.  |c ил. 
320 |a Библиогр.: с. 151-157. 
610 1 |a физико-химические основы 
610 1 |a формирование 
610 1 |a цементный камень 
675 |a 666.94  |v 3 
701 1 |a Шпынова  |b Л. Г. 
701 1 |a Чих  |b В. И. 
701 1 |a Саницкий  |b М. А. 
702 1 |a Шпынова  |b Л. Г.  |4 340 
801 1 |a RU  |b 63413507  |c 20090114  |g PSBO 
801 2 |a RU  |b 63413507  |c 20090812  |g RCR 
942 |c BK